000
00235nam a2200097Ia 4500
001
1166319
005
20250827011758.0
008
250824s9999 xx 000 0 und d
245
0
_a
BÜYÜK DOSTUM
_c
ANIL BASILI
260
_b
TİMAŞ GENÇ
999
_c
1166319
_d
1166319